00335nam a2200109Ia 4500008004100000082000800041100002300049245003700072942000600109952009500115999001500210240331s9999 xx 000 0 und d bMAT aMathivathanan, N.T 0aTamilIlakkiyavaralattu churukkam cL 001040708LaWERCLbWERCLcSSCd2024-03-31l0o 809 MATp5653r2024-03-31w2024-03-31yL c3675d3675